| 000 | 00458cam a2200193ua 4500 | ||
|---|---|---|---|
| 020 | _c4.00 | ||
| 041 |
_aeng _h |
||
| 082 |
_a542 _bBAH/EL |
||
| 100 | _aBahl, B S . | ||
| 245 |
_aElementary practical chemistry / _cB S Bahl. _hTextual Documents |
||
| 250 |
_a10 / _b. |
||
| 260 |
_aNew Delhi : _bS.Chand & Sons , _c1961. |
||
| 300 | _a242 ; . | ||
| 365 | _a4.00 | ||
| 504 | _a | ||
| 700 | 1 | _aSharma, A N . | |
| 942 | _cBK | ||
| 999 |
_c9557 _d9557 |
||